أحكام الايمانوكفاراتها في الفقه الاسلامي /
Saved in:
| Main Author: | |
|---|---|
| Other Authors: | |
| Format: | Thesis |
| Language: | Arabic |
| Published: |
Makkah al-Mukarramah:
Jami'at Umm al-Qura,
1985-1986.
|
| Subjects: | |
| Tags: |
Add Tag
No Tags, Be the first to tag this record!
|
| LEADER | 016670000a22003130004500 | ||
|---|---|---|---|
| 008 | 100924s1986 su f00 0000 00ara d | ||
| 040 | |a UIAM |b eng | ||
| 041 | |a ara | ||
| 050 | 0 | 4 | |a BP158.2.O2 |
| 100 | 1 | |a عبد الخالق، أحمد عائض محمد |9 123349 | |
| 242 | 1 | 0 | |a Ahkam al-ayman wa-kaffaratuha fi al-fiqh al-Islami |
| 245 | 1 | 0 | |a أحكام الايمانوكفاراتها في الفقه الاسلامي / |c اعداد أحمد عائض محمد عبد الخالق |
| 260 | |a Makkah al-Mukarramah: |b Jami'at Umm al-Qura, |c 1985-1986. | ||
| 300 | |a 400 leaves ; |c 30 cm. | ||
| 336 | |2 rdacontent | ||
| 337 | |2 rdamedia | ||
| 338 | |2 rdacarrier | ||
| 500 | |a "رسالة مقدمة لنيل درجة الماجستير في الدؤاسات الاسلامي "On t.p. | ||
| 502 | |a Thesis (M.A.)--Jami'at Umm al-Qura, 1986 | ||
| 504 | |a Includes bibliographical references (leaves 371-385). | ||
| 650 | |a Oaths (Islamic law) |9 26339 | ||
| 655 | |a Theses, Facsimile edition (Islamic) | ||
| 700 | |a 'Abd al-Khaliq, Ahmad 'A'id Muhammad |9 123350 | ||
| 710 | |a Jami'at Umm al-Qura. |b Kulliyat al-Shari'ah wa al-Dirasat al-Islamiyah. Markaz al-Dirasat al-'Ulya al-Islamiyah al-Masa'iyah |9 118382 | ||
| 710 | |a جامعة أم القرى. |b كلية الشريعة والدراسات الاسلامية. مركز الدراسات العليا الاسلامية المسائية |9 118384 | ||
| 900 | |a sz-ami | ||
| 942 | |2 lcc |n 0 | ||
| 999 | |c 434818 |d 465687 | ||
| 952 | |0 0 |6 TI BP 000158.000002 O000002 A001353A 001986 |7 0 |8 THESES |9 757777 |a IIUM |b IIUM |c MULTIMEDIA |g 445.50 |o ti BP 158.2 O2 A1353A 1986 |p 00011147727 |r 2017-10-23 |t 1 |v 445.50 |y THESIS | ||
